000 00529nmm a2200169Ia 4500
008 251105s9999||||xx |||||||||||||||||und||
020 _a9789587890853
041 _aspa
100 _aPáez Casadiegos, Yidy
245 0 _aEl simposiarca :
_b Memoria privada de la ilustración griega
264 _a[Bogotá, Colombia] :
_bUniversidad del Norte,
_c2019
300 _a436 páginas
490 _aSociología del derecho
650 _aPhilosophy, Ethics
856 _uhttps://public.digitaliapublishing.com/a/62226
942 _cCF
999 _c96478
_d96478